[Event "Accentus Young Masters 2019"]
[Site "Bad Ragaz"]
[Date "2019.03.07"]
[Round "9.5"]
[White "Colmenares, Aurelio"]
[Black "Albornoz Cabrera, Carlos Daniel"]
[Result "0-1"]
[WhiteElo "2335"]
[BlackElo "2577"]
[Annotator "TA"]
[PlyCount "50"]
[EventDate "2019.02.27"]
[EventType "tourn"]
[EventCountry "SUI"]
[SourceTitle "playchess.com"]
[Source "ChessBase"]
[SourceQuality "1"]

{[%evp 11,50,12,16,20,22,12,14,-30,-29,-68,-76,-66,0,0,0,-98,-108,-98,-98,-104,-93,-97,-101,-105,-90,-106,-95,-97,-91,-117,-107,-138,-144,-155,-139,-192,-181,-188,-192,-253,-228]} 1. e4 c5 2. Nf3 d6 3. d4 cxd4 4. Nxd4 Nf6 5. Nc3 a6 6. Bg5 Nbd7 7. Qe2 {B94: Sicilian Najdorf: 6 Bg5 Nbd7} b5 (7... h6 8. Bh4 g6 9. f4 Qc7 10. O-O-O Bg7 11. g4 e5 12. fxe5 Nxe5 13. h3 Be6 14. Qf2 Nfd7 {½-½ (26) Carlsen,M (2842)-Svidler,P (2753) Biel 2018}) 8. O-O-O Bb7 9. a3 {The position is equal.} Rc8 10. Nd5 Nxd5 $146 ({Predecessor:} 10... h6 11. Bxf6 Nxf6 12. Nxf6+ gxf6 13. f4 Qc7 14. g3 e6 {0-1 (25) Vroombout,E (2190)-Taams,S (1857) Hoogeveen 2016}) 11. exd5 Nb6 ({Black should play} 11... Qc7 $15) 12. Nxb5 $1 $11 Nxd5 13. Qe4 {[#]} (13. Rxd5 $11 {keeps the balance.} Bxd5 14. Na7) 13... Qd7 $1 $17 14. Rxd5 axb5 15. Qd4 ({Not} 15. Bxb5 $2 Qxb5 16. Qxe7+ Bxe7 $19) 15... Bxd5 16. Qxd5 {[#]} Rb8 $1 17. Bd3 e6 18. Qd4 e5 19. Qd5 Be7 20. Be3 O-O 21. f3 b4 22. axb4 Rxb4 {aiming for ...Qa4.} 23. c3 (23. b3 $17 {was necessary.}) 23... Rbb8 24. b4 Rfc8 {Threatens to win with ...Rxb4.} 25. Kd2 (25. Kb2 {was worth a try.}) 25... Qc7 {Accuracy: White = 50%, Black = 93%.} 0-1